|
|
|
|
| LEADER |
00782nam a22001937a 4500 |
| 020 |
|
|
|a 978-81-264-4123-5
|
| 082 |
|
|
|a 791.43707
|b DEE/S Q3
|
| 100 |
|
|
|a എം എസ് ദിലീപ്
|9 233803
|
| 100 |
|
|
|a M S Dileep
|9 233805
|
| 240 |
|
|
|a Sukumari Ormmakalude Vellithira
|
| 245 |
|
|
|a സുകുമാരി ഓ൪മ്മകളുടെ വെള്ളിത്തിര
|
| 250 |
|
|
|a 1st
|
| 260 |
|
|
|a Kottayam;
|b Litmus;
|c 2013
|
| 300 |
|
|
|a 174p.
|
| 650 |
|
|
|a മലയാളം;സിനിമ പഠനം/നിരൂപണം
|9 233807
|
| 650 |
|
|
|a Malayalam;Film Study
|9 233808
|
| 942 |
|
|
|c BK
|
| 999 |
|
|
|c 46558
|d 46558
|
| 952 |
|
|
|0 0
|1 0
|4 0
|6 920_000000000000000_DEE_S_Q3
|7 0
|8 Mem
|9 54532
|a MAL
|b MAL
|d 2015-11-20
|e 54925
|g 125.00
|l 0
|o 920 DEE/S Q3
|p MAL054925
|r 2015-11-20
|t 1
|w 2015-11-20
|y BK
|